000 00357nam a2200133Ia 4500
008 240624s9999 xx 000 0 und d
041 _aeng
082 _a658.4063 WEI
100 _aWEISS DAVID S
245 _aINNOVATIVE INTELLIGENCE THE ART AND PRAC
260 _c2011
_aCanada
_bJohn Wiley & Sons
300 _axxii, : 282 : p. : cm. ; 23
365 _c
_b27
999 _c17691
_d17691